Statistics for Every Foreigner song that hit the Billboard hot 100

Click here to take the quiz!

General Stats

  • This quiz has been taken 7 times
  • The average score is 9 of 22

Answer Stats

Peak Chart PositionYearSong% Correct
21981Waiting For A Girl Like You
80%
61977Cold As Ice
80%
11985I Want To Know What Love Is
60%
21978Double Vision
60%
31978Hot Blooded
60%
261982Juke Box Hero
60%
41977Feels Like The First Time
60%
201978Long, Long Way From Home
40%
151979Blue Morning, Blue Day
40%
141979Head Games
40%
121979Dirty White Boy
40%
41981Urgent
40%
121985That Was Yesterday
20%
61988Say You Will
20%
51988I Don't Want To Live Without You
20%
261982Break It Up
20%
411980Women
20%
421995Until The End Of Time
20%
541985Reaction To Action
20%
541985Down On Love
20%
561988Heart Turns To Stone
20%
751982Luanne
20%

Score Distribution

Percentile by Number Answered

Percent of People with Each Score

Your Score History

You have not taken this quiz